000 00291 a2200097 4500
020 _a9789370981584
100 _aK. A. Sebastian
245 _aAnthyakoodasayude pittennu(അന്ത്യകൂദാശയുടെ പിറ്റേന്ന്)
260 _bD C books
_c2025
942 _cOO
999 _c115332
_d115331